| 000 | 00396nam a2200157Ia 4500 | ||
|---|---|---|---|
| 008 | 151213s9999 xx 000 0 und d | ||
| 020 | _a0-04-181-023-6 | ||
| 100 | _aM.Hiriynna | ||
| 245 |
_aThe Essentials f Indian Philosophy _cM.Hiriynna |
||
| 260 |
_aLondon _bWeage Alex & Unwix _c1949 |
||
| 300 | _a4647 p. | ||
| 650 | _aCritics | ||
| 650 | _aEnglish | ||
| 700 | _aM.Hiriynna | ||
| 999 |
_c2994 _d2994 |
||